| 000 | 00730cam a22002413a 4500 | ||
|---|---|---|---|
| 001 | 11641 | ||
| 003 | PGUSA | ||
| 005 | 20140828083239.0 | ||
| 008 | 040301s2004||||xxu|||||s|||||000 | eng d | ||
| 040 |
_aPGUSA _beng |
||
| 042 | _adc | ||
| 050 | 4 | _aD501 | |
| 100 | 1 |
_aBennett, Arnold, _d1867-1931 |
|
| 245 | 1 | 0 |
_aOver There : _bWar Scenes on the Western Front _h[electronic resource] / _cArnold Bennett |
| 260 |
_bProject Gutenberg, _c2004 |
||
| 506 | _aPublic domain in the USA. | ||
| 516 | _aElectronic text | ||
| 653 | _aWorld War, 1914-1918 -- Personal narratives, British | ||
| 653 | _aBennett, Arnold, 1867-1931 | ||
| 830 | 0 |
_aProject Gutenberg _v11641 |
|
| 856 | 4 | 0 | _uhttp://www.gutenberg.org/ebooks/11641 |
| 942 | _cEB | ||
| 999 |
_c240896 _d240896 |
||